| 000 | 00401nam a2200157Ia 4500 | ||
|---|---|---|---|
| 005 | 20241104011623.0 | ||
| 008 | 240331s9999 xx 000 0 und d | ||
| 020 | _a9559318071 | ||
| 082 |
_bFER _a823 |
||
| 100 | _aFernando, V | ||
| 245 | 0 | _aWomen writing | |
| 260 |
_aColombo _bVoice of Women _c2000 |
||
| 300 | _a275 p ., | ||
| 500 | _aTwenty five short stories translated from Sinhala | ||
| 942 | _cL | ||
| 999 |
_c4364 _d4364 |
||